Accidentes de tránsito por atropello en San José durante 1992

Kaydedildi:
Detaylı Bibliyografya
Yazar: Sáenz Vargas, Martín
Materyal Türü: Kitap
Baskı/Yayın Bilgisi: [San José , Costa Rica] 1995
Konular:
Etiketler: Etiketle
Etiket eklenmemiş, İlk siz ekleyin!

MARC

LEADER 00000nam a2200000Ia 4500
003 007774
005 20221231144251.0
008 140114s1995 cr a m 000 ||s d
040 |c cru CEDI 
090 |a TFG 3350 
100 |a Sáenz Vargas, Martín  |9 10598 
245 |a Accidentes de tránsito por atropello en San José durante 1992 
260 |c 1995  |a [San José , Costa Rica] 
300 |a  [184] hojas : ilustraciones  
500 |a  Proyecto de graduación (licenciatura en ingeniería civil)--Universidad de Costa Rica. Facultad de Ingeniería. Escuela de Ingeniería Civil 
650 |x ACCIDENTES DE TRANSITO - SAN JOSE (COSTA RICA)  |9 10600 
942 |c TFG 
999 |c 19328  |d 19328